| 000 | 01227nam a2200277 a 4500 | ||
|---|---|---|---|
| 001 | 000046803 | ||
| 003 | DO-SdBNP | ||
| 005 | 20230215104526.0 | ||
| 007 | ta | ||
| 008 | 180327s2013 dr 000 0 spa d | ||
| 040 |
_aDO-SdBNP _bspa _cBNPHU |
||
| 082 | 4 |
_a343.034 _bR426L _222 |
|
| 110 | 1 |
_aRepública Dominicana _911088 |
|
| 240 | _a [Leyes, etc.] | ||
| 245 | 1 | 0 | _aLey de presupuesto general del Estado 2013. |
| 260 |
_aSanto Domingo : _bMinisterio de Hacienda, _c2013. |
||
| 300 |
_av. ; _c28 cm. |
||
| 500 | _aLa biblioteca posee v.1 | ||
| 505 | 2 |
_av.1 : _tInforme explicativo y política prusupuestaría -- _tInformacíon de los gastos 2013 -- _tTransferencias a intistuciones por fuentes de financiamiento-- _tEstimación de los gastos triburarios 2013 -- _tDistribución institucional de los gastos apropiados -- _tPoder Legislativo -- _tCategorías institucionales -- |
|
| 590 | _aInventariado, 2018 /VM | ||
| 650 | 4 |
_aPresupuesto _xLegislación _zRepública Dominicana _97940 _y2013 |
|
| 650 | 4 |
_aHacienda pública _xLegislación _zRepública Dominicana _96562 _y2013 |
|
| 650 | 4 |
_aGastos públicos _xLegislación _zRepública Dominicana _y2013 _983125 |
|
| 910 | _aValidado. Control de calidad MFF | ||
| 942 |
_2ddc _cLBS1 |
||
| 999 |
_c46292 _d46292 |
||